000 00465nam a2200169Ia 4500
003 OSt
005 20200519104613.0
008 190216s9999||||xx |||||||||||||| ||und||
020 _a9789380081380
040 _coclc
082 _a297.4
_bQUS/P
100 _aAl-Qushayri
_92413
245 0 _aPrinciples Of Sufism /
_cAl-Qushayri
260 _bOther Books,
_c1990.
_aCalicut:
300 _a305p
942 _cBK
_2ddc
_h297.4
_iQUS/P
_k297.4
_mQUS/P
999 _c23124
_d23124